| 000 | 01246nam a2200265Ia 4500 | ||
|---|---|---|---|
| 003 | OSt | ||
| 005 | 20220923211135.0 | ||
| 006 | a|||||r|||| 00| 0 | ||
| 007 | ta | ||
| 008 | 220922b |||||||| |||| 00| 0 hin d | ||
| 020 | _a818597005X (hbk) | ||
| 024 | _a45,315 | ||
| 037 | _cTextual | ||
| 040 |
_aARTS _cARTS _bhin |
||
| 041 |
_2hin _ahin |
||
| 082 | _aP1518, 152N9 | ||
| 100 |
_aशास्त्री, परममित्र; पाण्डेय, रमानाथ, संपा. _9158673 |
||
| 245 | 0 |
_aहेमचन्द्र के अपभ्रंश सूत्रों की पृष्ठभूमि _b अपभ्रंश भाषा का भाषावैज्ञानिक अध्ययन |
|
| 246 | _aHemachandra ke apabhransha sūtroan kī pṛuṣhṭhabhūmi: apabhransha bhāṣhā kā bhāṣhāvaijnyānik adhyayana | ||
| 260 |
_aदिल्ली _b परममित्र प्रकाशन _c1999 |
||
| 300 |
_a491पृ. _ccm. |
||
| 650 |
_aहिन्दी भाषा _9156368 |
||
| 942 |
_hP1518, 152N9 _cTEXL _2CC |
||
| 999 |
_c295855 _d295855 |
||